Estimation of biomass in Hevea clones by regression method: Relation between girth and biomass (Record no. 58820)

MARC details
000 -LEADER
fixed length control field 01311nam a2200229Ia 4500
100 ## - MAIN ENTRY--AUTHOR NAME
Personal name Chaudhuri D
245 #0 - TITLE STATEMENT
Title Estimation of biomass in Hevea clones by regression method: Relation between girth and biomass
260 ## - PUBLICATION, DISTRIBUTION, ETC. (IMPRINT)
Name of publisher Indian Journal of Natural Rubber Research
Year of publication 1995
300 ## - PHYSICAL DESCRIPTION
Number of Pages 113-116
520 ## - SUMMARY, ETC.
Summary, etc The relationship between girth and the above ground biomass was studied in two clones, with varied growth habits, of Hevea brasiliensis. The clones chosen were RRIM 600 and RRII 118. A set of relationships were developed using the biomass as a power function of girth for different age groups from first year after planting upto fifth year. The regression equations were found non-significant for individual clones as well as for years from second year onwards. A general equation was thus developed and is given as biomass in g(W)=2.278479 X2.2683(where, X is the girth at 15 cm height from bud union). The relation is found to be good fit from 16 cm or more girth, and is location specific.
650 ## - SUBJECT ADDED ENTRY--TOPICAL TERM
Topical Term Biomass
650 ## - SUBJECT ADDED ENTRY--TOPICAL TERM
Topical Term Girth
650 ## - SUBJECT ADDED ENTRY--TOPICAL TERM
Topical Term Hevea brasiliensis
650 ## - SUBJECT ADDED ENTRY--TOPICAL TERM
Topical Term Regression model
700 ## - ADDED ENTRY--PERSONAL NAME
Personal name Pothen J
700 ## - ADDED ENTRY--PERSONAL NAME
Personal name Potty S N
700 ## - ADDED ENTRY--PERSONAL NAME
Personal name Reddy Y A N
700 ## - ADDED ENTRY--PERSONAL NAME
Personal name Sethuraj M R
700 ## - ADDED ENTRY--PERSONAL NAME
Personal name Vinod K K
942 ## - ADDED ENTRY ELEMENTS (KOHA)
Koha item type Journals
Holdings
Withdrawn status Lost status Damaged status Not for loan Home library Current library Shelving location Date acquired Serial Enumeration / chronology Koha item type
      Journals RRII Library RRII Library Rubber general 17/12/2021 Volume 8, Issue 2 Journals